000
00266nam a2200109Ia 4500
008
220204s9999 xx 000 0 und d
082
_a
003
_b
DEM
100
_a
Dempsey, Michael W
245
0
_a
Purnells concise encyclopedia
260
_a
Paulton
_b
Purnell
942
_c
BK
999
_c
26582
_d
26582